| 000 | 00442cam a2200169ua 4500 | ||
|---|---|---|---|
| 020 | _c3.00 | ||
| 041 |
_amal _h |
||
| 082 |
_a372.3 _bNAR/ME |
||
| 100 | _aNarayana Panicker, G . | ||
| 245 |
_aMethod of teaching general science / _cG Narayana Panicker. _hTextual Documents |
||
| 260 |
_aKottayam : _bVidyarthi Mithram Book Depo , _c1964. |
||
| 300 | _a213 ; . | ||
| 365 | _a3.00 | ||
| 504 | _a | ||
| 942 | _cBK | ||
| 999 |
_c4882 _d4882 |
||